Energetická bilancia inteligentného zavlažovacieho systému v ostrovnej prevádzke

Gespeichert in:
Bibliographische Detailangaben
1. Verfasser: Janata, Michal (Verfasst von)
Weitere Verfasser: Janiga, Peter (Betreuung Doktorarbeit)
Format: Manuskript Buch
Sprache:Slowakisch
Veröffentlicht: Bratislava : STU v Bratislave FEI, 2020
Schlagworte:
Online-Zugang:https://opac.crzp.sk/?fn=detailBiblioForm&sid=F5195A1FF5FC85745641ABDFA517&seo=CRZP-detail-kniha
Tags: Tag hinzufügen
Keine Tags, Fügen Sie das erste Tag hinzu!

MARC

LEADER 00000ntm a22000003a 4500
001 stuzp78354
003 SK-STU
005 20200731104630.1
007 ta
008 150427s2015----xo-----f-mn---000-0-slo-d
040 |a STU  |b slo 
041 0 |a slo 
044 |a xo 
100 1 |a Janata, Michal  |u 032000  |4 aut  |U FEI Fakulta elektrotechniky a informatiky  |T FEI Ústav elektroenergetiky a aplikovanej elektrotechniky  |X 8617  |U E020  |Y 548  |7 8617 
242 0 1 |a Energy balance of an intelligent irrigation system in island power system operation  |y eng 
245 1 0 |a Energetická bilancia inteligentného zavlažovacieho systému v ostrovnej prevádzke 
260 |c Bratislava :  |c STU v Bratislave FEI,  |c 2020 
300 |a 93 s. 
650 4 |a Li-Ion články  |2 slo 
650 4 |a Riadenie prvkov  |2 slo 
650 4 |a Energetická bilancia  |2 slo 
650 4 |a Ochrana systému  |2 slo 
650 4 |a Webové rozhranie  |2 slo 
650 4 |a Solárny systém  |2 slo 
650 4 |a Raspberry Pi  |2 slo 
650 4 |a Meranie veličín prostredia  |2 slo 
650 4 |a Solar system  |2 eng 
650 4 |a Energy balance  |2 eng 
650 4 |a Li-Ion cells  |2 eng 
650 4 |a Raspberry Pi  |2 eng 
650 4 |a Web interface  |2 eng 
650 4 |a Measurement of environmental quantities  |2 eng 
650 4 |a Control elements  |2 eng 
650 4 |a System protection  |2 eng 
700 1 |a Janiga, Peter  |u 032000  |k Z1  |4 ths  |U FEI Fakulta elektrotechniky a informatiky  |T FEI Ústav elektroenergetiky a aplikovanej elektrotechniky  |X 24468  |U E020  |Y 548  |7 A000024468 
856 4 |u https://opac.crzp.sk/?fn=detailBiblioForm&sid=F5195A1FF5FC85745641ABDFA517&seo=CRZP-detail-kniha